The business organisation and it's environment (Record no. 79044)

MARC details
000 -LEADER
fixed length control field 00691nam a2200169 a 4500
008 - FIXED-LENGTH DATA ELEMENTS--GENERAL INFORMATION
fixed length control field 120416s1980 ||||||||||||||||| || u
050 ## - LIBRARY OF CONGRESS CALL NUMBER
Classification number HD 31 Gle
100 ## - MAIN ENTRY--PERSONAL NAME
Personal name Wells, Ronald
245 14 - TITLE STATEMENT
Title The business organisation and it's environment
246 ## -
-- work book 1
260 ## - PUBLICATION, DISTRIBUTION, ETC.
Place of publication, distribution, etc. London
Name of publisher, distributor, etc. Heinemann
Date of publication, distribution, etc. 1980
350 ## -
-- 0.00
650 #0 - SUBJECT ADDED ENTRY--TOPICAL TERM
Topical term or geographic name entry element MANAGEMENT
700 ## - ADDED ENTRY--PERSONAL NAME
Personal name Glew, Matthew
995 ## -
-- ANNEX COLLECTION (Main Library)
-- 0.00
-- 709029
-- CBU-MAIN LIBRARY (Kitwe)
-- 1
-- 1.95
-- HD 31 Gle
-- 1
-- AVAILABLE
-- 000465
-- Annex Low-Usage Collection
995 ## -
-- ANNEX COLLECTION (Main Library)
-- 0.00
-- 709030
-- CBU-MAIN LIBRARY (Kitwe)
-- 2
-- 1.95
-- HD 31 Gle
-- 2
-- AVAILABLE
-- 000468
-- Annex Low-Usage Collection
999 ## -
-- 79044
-- 79044

No items available.